000 00865nam a2200241 a 4500
001 BRCA_4404
005 20190320204646.0
008 010918s2001 mx-a#####b---f000-0#spa-#
020 _a9687009993
041 _aspa
044 _amx
050 4 _aF1232
_b.M49 2001
245 1 0 _aMéxico
_blos proyectos de una nación : 1821-1888.
260 _aMéxico
_bFomento Cultural Banamex
_cc2001
300 _a55 p.
_bil. a color
_c32 cm.
_eLista de obra: 19 p.
500 _aCatálogo de la exposición realizada en el Palacio de Iturbide, julio 2001 - enero 2002
500 _aColección Sonia Corcuera de Mancera
651 4 _aMéxico
_vExposiciones
_xHistoria
_y1821-1861
_911186
651 4 _aMéxico
_vExposiciones
_xHistoria
_yIntervención europea, 1861-1867
_93634
651 4 _aMéxico
_vExposiciones
_xHistoria
_y1867-1910
_93635
902 _aDSC
942 _2lcc
_cB
999 _c4114
_d4114